<?xml version="1.0" encoding="UTF-8"?>
<collection xmlns="http://www.loc.gov/MARC21/slim">
 <record>
  <leader>01152nam a22002057a 4500</leader>
  <controlfield tag="001">NCT_4_005389</controlfield>
  <controlfield tag="008">240304b        xxu||||| |||| 00| 0 vie d</controlfield>
  <datafield tag="999" ind1=" " ind2=" ">
   <subfield code="c">8155</subfield>
   <subfield code="d">8155</subfield>
  </datafield>
  <datafield tag="082" ind1="0" ind2="4">
   <subfield code="2">23rd ed.</subfield>
   <subfield code="a">617.6</subfield>
   <subfield code="b">Â121</subfield>
  </datafield>
  <datafield tag="100" ind1="1" ind2=" ">
   <subfield code="a">Lâm Ngọc Ấn</subfield>
   <subfield code="e">Chủ biên</subfield>
  </datafield>
  <datafield tag="245" ind1="1" ind2="0">
   <subfield code="a">Kỷ yếu công trình khoa học 1975-1993</subfield>
   <subfield code="b">Scientifc research papers</subfield>
   <subfield code="c">Lâm Ngọc Ấn, Nguyễn Văn Thụ, Lê Đình Giáp (Chủ biên)</subfield>
  </datafield>
  <datafield tag="260" ind1=" " ind2=" ">
   <subfield code="a">TP. Hồ Chí Minh</subfield>
   <subfield code="b">Viện Răng Hàm Mặt Tp. Hồ Chí Minh</subfield>
   <subfield code="c">[200_?]</subfield>
  </datafield>
  <datafield tag="300" ind1=" " ind2=" ">
   <subfield code="a">273tr.</subfield>
   <subfield code="c">29 cm</subfield>
  </datafield>
  <datafield tag="520" ind1="3" ind2=" ">
   <subfield code="a">Nội dung chính của tài liệu là những đề tài được báo cáo tại Hội nghị Khoa học Kỹ thuật hàng năm của Viện Răng Hàm Mặt Thành phố Hồ Chí Minh.</subfield>
  </datafield>
  <datafield tag="653" ind1=" " ind2=" ">
   <subfield code="a">Răng Hàm Mặt</subfield>
  </datafield>
  <datafield tag="700" ind1="1" ind2=" ">
   <subfield code="a">Nguyễn Văn Thụ</subfield>
   <subfield code="e">Chủ biên</subfield>
  </datafield>
  <datafield tag="700" ind1="1" ind2=" ">
   <subfield code="a">Lê Đình Giáp</subfield>
   <subfield code="e">Chủ biên</subfield>
  </datafield>
  <datafield tag="942" ind1=" " ind2=" ">
   <subfield code="2">ddc</subfield>
   <subfield code="c">BK</subfield>
  </datafield>
  <datafield tag="952" ind1=" " ind2=" ">
   <subfield code="0">0</subfield>
   <subfield code="1">0</subfield>
   <subfield code="2">ddc</subfield>
   <subfield code="4">0</subfield>
   <subfield code="6">617_600000000000000_Â121</subfield>
   <subfield code="7">0</subfield>
   <subfield code="9">28703</subfield>
   <subfield code="a">000001</subfield>
   <subfield code="b">000001</subfield>
   <subfield code="d">2024-03-04</subfield>
   <subfield code="o">617.6 Â121</subfield>
   <subfield code="p">MD.22305</subfield>
   <subfield code="r">2024-03-04</subfield>
   <subfield code="w">2024-03-04</subfield>
   <subfield code="y">BK</subfield>
  </datafield>
  <datafield tag="980" ind1=" " ind2=" ">
   <subfield code="a">Thư viện Trường Đại học Nam Cần Thơ</subfield>
  </datafield>
 </record>
</collection>
